Proyecto de Reglamento orgánico del Cuerpo de Ingenieros de minas [ (Record no. 184414)
[ view plain ]
| 000 -LEADER | |
|---|---|
| campo de control de longitud fija | 00567ntm a2200169 i 4500 |
| 001 - NÚMERO DE CONTROL | |
| campo de control | 184414 |
| 003 - IDENTIFICADOR DE NÚMERO DE CONTROL | |
| campo de control | ES-MaACL |
| 005 - FECHA Y HORA DE LA ÚLTIMA TRANSACCIÓN | |
| campo de control | 20230906222204.0 |
| 008 - DATOS DE LONGITUD FIJA--INFORMACIÓN GENERAL | |
| campo de control de longitud fija | 150821q18861900sp |||| | spa d |
| 245 00 - MENCIÓN DEL TÍTULO | |
| Título | Proyecto de Reglamento orgánico del Cuerpo de Ingenieros de minas [ |
| Medio | Manuscrito]. |
| 260 ## - PUBLICACIÓN, DISTRIBUCIÓN, ETC. | |
| Fecha de publicación, distribución, etc. | S.XIX. |
| 300 ## - DESCRIPCIÓN FÍSICA | |
| Extensión | 40 h. ; |
| Dimensiones | 33 cm. |
| 500 ## - NOTA GENERAL | |
| Nota general | Posterior a 1886. |
| 610 24 - PUNTO DE ACCESO ADICIONAL DE MATERIA--NOMBRE DE ENTIDAD CORPORATIVA | |
| Nombre de entidad corporativa o nombre de jurisdicción como elemento de entrada | Cuerpo de Ingenieros de Minas- |
| Subdivisión de forma | Reglamentos. |
| 9 (RLIN) | 157285 |
| 710 2# - ENTRADA AGREGADA--NOMBRE DE ENTIDAD CORPORATIVA | |
| Nombre de entidad corporativa o nombre de jurisdicción como elemento de entrada | Cuerpo de Ingenieros de Minas. |
| 9 (RLIN) | 140786 |
| 852 1# - LOCALIZACIÓN | |
| Ubicación | BA |
| Número de control de estantería | T-895-F-7 |
| Nota libre | .- Legado Federico de Botella y de Hornos |
| Estatus retirado | Estado de pérdida | Estado de daño | No para préstamo | Colección | Biblioteca de origen | Biblioteca actual | Ubicación en estantería | Fecha de adquisición | Fuente de adquisición | Total de préstamos | Signatura topográfica completa | Código de barras | Visto por última vez | Precio de reemplazo | Tipo de ítem Koha |
|---|---|---|---|---|---|---|---|---|---|---|---|---|---|---|---|
| Colección de folletos | Biblioteca del Ateneo de Madrid | Biblioteca del Ateneo de Madrid | Depósito folletos | 21/08/2015 | T-895-F-7 | 1194057 | 23/02/2023 | 23/02/2023 | Folleto |
